000 00643nam a2200241 i 4500
001 C2-0150068
003 PPAK
005 20180727131846.0
008 980324s1986 my a|||| ||||| | eng d
020 _a9679360156
040 _aPPAK
_beng
_cPPAK
_erda
082 0 4 _a633.189
_223
090 0 0 _a633.189
_bCHI
_dR
100 1 _aChin, K. M.,
_eauthor
245 1 0 _aDiseases of rice in Malaysia
264 1 _aMalaysia :
_bMARDI ,
_c1986
300 _aiii, 89 pages :
_bcolour illustrations ;
_c24 cm
336 _2rdacontent
_atext
337 _2rdamedia
_aunmediated
338 _2rdacarrier
_avolume
700 _eauthor
942 _ddc
_cB
999 _c47333
_d47333